000 00627nam a2200181Ia 4500
003 GCL
008 140319s9999 xx 000 0 ara d
040 _aGCL /
_cGCL
082 0 4 _a759
_bس س
100 1 _aسامى رافع
245 1 0 _aسامى رافع 000 والفن الجماهيرى :
_bرؤية تشكيلية خلال سيرة ذاتية /
_cسامى رافع
300 _a78 ص ؛
_c32 سم
650 0 4 _aالفنانون المصريون
650 0 4 _aالفنون التشكيلية
650 0 4 _aالفنون التشكيلية - تراجم
650 0 4 _aسامى رافع ( الفنان )
942 _2ddc
_cBK
999 _c7039
_d7039